000 00858aab a2200217 4500
001 768714001
003 CO-MdFUSB
005 20240613130504.0
008 170523s2000 cr ||||| |||| 00| 0 spa d
022 _a1409-1968
040 _aCO-MdFUSB
_bspa
_cCO-MdFUSB
_dCO-MdFUSB
041 _aspa
100 1 _aPanasiuk, Andrés G.
_eautor
245 1 0 _aDe franciscanos y Rockefellers :
_bexplorando el concepto bíblico del contentamiento
_c/ Andrés G. Panasiuk
300 _aVolumen 17. Número 2 (2000), páginas 86-87
_c: 27 cm.
520 _aEl contentamiento es una actitud hacia la vida. Es saber cuál es el plan de Dios para mí y dónde estoy ubicado con respecto a ese plan.
653 _aContentamiento
773 0 _tApuntes Pastorales
_049442
_960147
_gVolumen 17. Número 2 (2000), páginas 86-87
_qPágina 86
942 _cANA
945 _aJTF-925
999 _c60036
_d60036